[Event "Reykjavik Open 2026"]
[Site "Reykjavik ISL"]
[Date "2026.03.26"]
[Round "3.102"]
[White "Zuiderweg, Edwin"]
[Black "Marie, Maxime"]
[Result "0-1"]
[BlackTitle "CM"]
[WhiteElo "1977"]
[BlackElo "2193"]
[WhiteFideId "1012207"]
[BlackFideId "625590"]
[EventDate "2026.03.25"]

1. e4 e6 2. d4 d5 3. Nc3 Nf6 4. Bg5 dxe4 5. Nxe4 Be7 6. Bxf6 gxf6 7. Nf3 a6 8.
Bd3 Nd7 9. Qe2 c5 10. dxc5 Nxc5 11. Nxc5 Bxc5 12. O-O-O Qc7 13. Kb1 Bd7 14. Nd2
O-O-O 15. Ne4 Be7 16. f4 Bc6 17. Rhf1 h5 18. f5 e5 19. Bc4 Rxd1+ 20. Rxd1 Rd8
21. Rxd8+ Qxd8 22. a3 Qd4 23. Nc3 Qg1+ 24. Ka2 Qxh2 25. Bxf7 h4 26. Bd5 Bd7 27.
Qe4 Qf4 28. Bxb7+ Kb8 29. Qxf4 exf4 30. Be4 Bd6 31. Ne2 Bb5 32. Bf3 Kc7 33. Kb3
Kb6 34. c4 Bd7 35. Nd4 Be5 36. Ne6 Bc6 37. c5+ Kb5 38. Be2+ Ka5 39. Bf1 Bd5+ 40.
Kc2 Be4+ 41. Kc1 Ka4 42. c6 Bxc6 43. Nc5+ Ka5 44. Nxa6 Bb5 45. Bxb5 Kxb5 46. Nb4
f3 47. gxf3 h3 48. Nd3 Bg3 49. a4+ Kc4 0-1

[Event "Reykjavik Open 2026"]
[Site "Reykjavik ISL"]
[Date "2026.03.26"]
[Round "3.103"]
[White "Wall, Tim P"]
[Black "Heppert, Lars"]
[Result "0-1"]
[WhiteTitle "FM"]
[WhiteElo "2189"]
[BlackElo "1975"]
[WhiteFideId "401641"]
[BlackFideId "24668575"]
[EventDate "2026.03.25"]

1. d4 d5 2. Nc3 Nf6 3. Bf4 c5 4. e3 a6 5. dxc5 Nc6 6. a3 e5 7. Bg5 d4 8. exd4
exd4 9. Ne4 Bxc5 10. Bxf6 gxf6 11. Nxc5 Qa5+ 12. b4 Nxb4 13. axb4 Qxb4+ 14. Qd2
Qxc5 15. Nf3 O-O 16. Be2 Bf5 17. Nxd4 Rad8 18. c3 b5 19. O-O b4 20. Qf4 Bg6 21.
Bf3 bxc3 22. Nc6 Rc8 23. Qxf6 Rfe8 24. Ra5 Qc4 25. Ne7+ Rxe7 26. Qxe7 c2 27. Rc1
Qc3 28. Qa3 Qd2 29. Re5 Rb8 30. Ree1 Rb1 31. Qe3 Qb4 32. h3 a5 33. Kh2 a4 34.
Qe8+ Kg7 35. Qe5+ Kg8 36. Qe8+ Kg7 37. Qe5+ Kg8 38. Bd5 a3 39. Qe8+ Kg7 40. Qe5+
Kg8 41. f4 Qb2 42. Qe3 a2 43. Bxa2 Qxa2 44. g4 Rb3 45. Qd4 f6 46. f5 Qa3 47.
Qd5+ Bf7 48. Qg2 Qd6+ 0-1

[Event "Reykjavik Open 2026"]
[Site "Reykjavik ISL"]
[Date "2026.03.26"]
[Round "3.104"]
[White "Vitale, Romualdo"]
[Black "Zhang, Jiabao"]
[Result "0-1"]
[WhiteElo "1975"]
[BlackElo "2184"]
[WhiteFideId "862134"]
[BlackFideId "8606560"]
[EventDate "2026.03.25"]

1. d4 d5 2. Bf4 Nf6 3. e3 e6 4. Nf3 Bd6 5. Nbd2 O-O 6. Bd3 c5 7. c3 Nc6 8. Bg3
Re8 9. Ne5 Bxe5 10. dxe5 Nd7 11. Nf3 Nf8 12. h4 f5 13. exf6 Qxf6 14. O-O c4 15.
Bc2 h6 16. e4 Rd8 17. e5 Qf7 18. Nd4 Ng6 19. Re1 Nge7 20. Re3 Nxd4 21. Qxd4 Nf5
22. Bxf5 Qxf5 23. b3 b5 24. b4 Bd7 25. Rc1 a5 26. a3 axb4 27. axb4 Bc6 28. Rf3
Qe4 29. Qc5 d4 30. Qe7 Qd5 31. cxd4 Rd7 32. Qc5 Qxc5 33. dxc5 Bxf3 34. gxf3 Ra4
35. Rb1 c3 36. Rc1 Rd3 37. Kf1 Rxb4 38. Ke2 Rd2+ 39. Ke3 Rc4 40. Rxc3 Rxc3+ 41.
Kxd2 Rxc5 42. Kd3 b4 0-1

[Event "Reykjavik Open 2026"]
[Site "Reykjavik ISL"]
[Date "2026.03.26"]
[Round "3.105"]
[White "Lyutsinger, Iren"]
[Black "Van Meurs, Rob"]
[Result "1-0"]
[WhiteTitle "FM"]
[WhiteElo "2182"]
[BlackElo "1964"]
[WhiteFideId "34425969"]
[BlackFideId "1012932"]
[EventDate "2026.03.25"]

1. d4 Nf6 2. c4 c5 3. d5 b5 4. cxb5 a6 5. e3 d6 6. Nc3 g6 7. e4 Bg7 8. Nf3 O-O
9. a4 Nbd7 10. Bd2 Ne8 11. Be2 Nc7 12. bxa6 Bxa6 13. O-O Qb8 14. Bxa6 Rxa6 15.
Qc2 Qa7 16. h4 Rb8 17. h5 Rab6 18. Rfb1 Qb7 19. h6 Bf6 20. Ra2 Ra8 21. Ra3 Nb8
22. Nd1 Nba6 23. Bc3 Nb4 24. Qd2 Ne8 25. Ne3 Qa6 26. Ng4 Qc4 27. Bxf6 exf6 28.
Re1 Qc2 29. Qe3 Qxb2 30. Rb3 Qc2 31. Rc1 Qa2 32. Rcb1 Qxa4 33. Qc3 Nxd5 34. exd5
Rxb3 35. Rxb3 Qxg4 36. Rb7 Qh5 37. Qd2 Ra1+ 38. Ne1 Qe5 39. Kf1 f5 40. Rb8 Kf8
41. g3 Qe4 42. Qc3 Qh1+ 43. Ke2 Ra2+ 44. Nc2 Qe4+ 45. Kf1 f6 46. Qxf6+ 1-0

[Event "Reykjavik Open 2026"]
[Site "Reykjavik ISL"]
[Date "2026.03.26"]
[Round "3.106"]
[White "Braak, Richard"]
[Black "Li, Harry"]
[Result "0-1"]
[WhiteElo "1955"]
[BlackElo "2181"]
[WhiteFideId "24626422"]
[BlackFideId "430145"]
[EventDate "2026.03.25"]

1. d4 d5 2. c4 e6 3. cxd5 exd5 4. Nc3 Nf6 5. Bg5 Be6 6. Qb3 Nbd7 7. e3 c6 8. Bd3
Qb6 9. Qc2 h6 10. Bf4 Nh5 11. Nge2 g5 12. Bg3 O-O-O 13. O-O Nxg3 14. hxg3 Kb8
15. Na4 Qc7 16. Nc5 h5 17. Rac1 h4 18. Bf5 Nxc5 19. dxc5 hxg3 20. fxg3 Bg7 21.
Bxe6 fxe6 22. Qg6 Qe5 23. Rc3 Rh6 24. Qd3 Qc7 25. Rb3 Be5 26. g4 Bh2+ 27. Kf2
Rf6+ 28. Ke1 Rxf1+ 29. Kxf1 Rf8+ 30. Ke1 Qf7 31. Kd2 e5 32. Rb4 e4 33. Qb3 Be5
34. a4 Qc7 35. Ke1 Ka8 36. Qc2 Rf7 37. Qd2 Qa5 38. Rb3 Qxc5 39. Qb4 Qxb4+ 40.
Rxb4 Kb8 41. a5 Kc7 42. a6 b5 43. Rb3 Kb6 44. Ra3 Bxb2 45. Ra2 Be5 0-1

[Event "Reykjavik Open 2026"]
[Site "Reykjavik ISL"]
[Date "2026.03.26"]
[Round "3.107"]
[White "ADU, Oladapo"]
[Black "Gayon, Benoit"]
[Result "1-0"]
[WhiteTitle "IM"]
[WhiteElo "2173"]
[BlackElo "1947"]
[WhiteFideId "8500258"]
[BlackFideId "632040"]
[EventDate "2026.03.25"]

1. e4 e5 2. Nf3 Nc6 3. Bb5 f5 4. Qe2 fxe4 5. Qxe4 Nf6 6. Qe2 e4 7. d3 Qe7 8.
dxe4 Qxe4 9. Be3 Nb4 10. O-O Be7 11. a3 Nbd5 12. Bd3 Qe6 13. Bc4 c5 14. Re1 b5
15. Bxd5 Nxd5 16. Qxb5 Ba6 17. Qa4 Nxe3 18. Rxe3 Qc4 19. Nc3 Qxa4 20. Nxa4 Kd8
21. Rd1 Re8 22. Ne5 Kc7 23. Rxd7+ Kc8 24. Rd1 Bg5 25. Ree1 c4 26. Nc5 Bb5 27.
Ne4 Be7 28. Rd5 a6 29. a4 Bxa4 30. Nxc4 Kc7 31. b3 Bc6 32. Re5 Bb4 33. Re3 Rad8
34. g3 Bb7 35. Rxe8 Rxe8 36. Ng5 Rxe3 37. Nxe3 Kd7 38. Nxh7 Be4 39. Ng5 Bg6 40.
Nf3 Kd6 41. Kf1 Bc5 42. Ne1 Kc6 43. Ke2 a5 44. Nd3 Bd6 45. f4 Kb5 46. Kd2 a4 47.
bxa4+ Kxa4 48. Nc4 Bc7 49. Nce5 Be8 50. Ke3 Kb5 51. Ke4 Kb6 52. Kf5 Bd8 53. h4
Ba4 54. c4 Kc7 55. Nc5 Bc2+ 56. Ke6 Bb1 57. Kf7 Bf6 58. Ne6+ Kd6 59. Nxg7 Bxe5
60. Ne8+ Kc6 61. fxe5 1-0

[Event "Reykjavik Open 2026"]
[Site "Reykjavik ISL"]
[Date "2026.03.26"]
[Round "3.108"]
[White "Zhang, Xiao"]
[Black "Gillmeister, Robin"]
[Result "1-0"]
[WhiteTitle "WIM"]
[WhiteElo "2164"]
[BlackElo "1939"]
[WhiteFideId "8610894"]
[BlackFideId "24684414"]
[EventDate "2026.03.25"]

1. d4 e6 2. c4 f5 3. Nf3 Nf6 4. Bf4 b6 5. Nc3 Bb4 6. Qc2 Bb7 7. g3 Bxc3+ 8. Qxc3
d6 9. Bg2 Ne4 10. Qc2 Nf6 11. O-O Qe7 12. b4 O-O 13. Rfc1 Nbd7 14. c5 Be4 15.
cxd6 cxd6 16. Qc7 Nd5 17. Bxd6 Nxc7 18. Bxe7 Rfc8 19. Bg5 Nd5 20. Bd2 h6 21. Ne1
Bxg2 22. Kxg2 b5 23. Nd3 N7b6 24. Rc5 a6 25. Rac1 Nc4 26. Be1 Rc7 27. Rxc7 Nxc7
28. Ne5 Nxe5 29. Rxc7 Nc4 30. Re7 Rd8 31. Rxe6 Rxd4 32. Rxa6 Rd1 33. Bc3 Rc1 34.
Bd4 Rb1 35. Ra7 g5 36. Rg7+ Kf8 37. Rg6 Rd1 38. e3 Nd2 39. Rf6+ Ke7 40. Rxf5 g4
41. Rf4 h5 42. Bc5+ Ke6 43. Rd4 1-0

[Event "Reykjavik Open 2026"]
[Site "Reykjavik ISL"]
[Date "2026.03.26"]
[Round "3.109"]
[White "Rodsmoen, Maud"]
[Black "Bech, Havard Eriksen"]
[Result "0-1"]
[WhiteTitle "WFM"]
[WhiteElo "1950"]
[BlackElo "2161"]
[WhiteFideId "1510550"]
[BlackFideId "1564684"]
[EventDate "2026.03.25"]

1. e4 c5 2. Nf3 d6 3. d4 cxd4 4. Nxd4 Nf6 5. Nc3 Nc6 6. Be2 g6 7. Be3 Bg7 8. O-O
O-O 9. Qd2 Ng4 10. Nxc6 bxc6 11. Bg5 Be6 12. h3 Nf6 13. Bh6 Rb8 14. Bxg7 Kxg7
15. b3 Qb6 16. Kh1 d5 17. e5 Nd7 18. Na4 Qc7 19. f4 f6 20. exf6+ Rxf6 21. Rac1
Qd6 22. Bd3 Rbf8 23. Qe3 d4 24. Qe2 R8f7 25. Rf2 Bd5 26. Rcf1 Re6 27. Qg4 Nf6
28. Qg5 Re3 29. Kh2 Nh5 30. Nb2 h6 31. Qg4 Rg3 32. Qxh5 gxh5 33. Kxg3 e5 34. Nc4
exf4+ 35. Kh2 Qc7 36. Re1 f3+ 37. g3 h4 38. Ne5 Re7 0-1

[Event "Reykjavik Open 2026"]
[Site "Reykjavik ISL"]
[Date "2026.03.26"]
[Round "3.110"]
[White "Hallmundarson, Birkir"]
[Black "Pagan, Jonathan"]
[Result "1/2-1/2"]
[WhiteElo "1949"]
[BlackElo "2159"]
[WhiteFideId "2319446"]
[BlackFideId "30903017"]
[EventDate "2026.03.25"]

1. Nf3 Nf6 2. c4 g6 3. Nc3 Bg7 4. d4 d6 5. e4 O-O 6. h3 e5 7. d5 a5 8. Bg5 Na6
9. Be2 Nc5 10. Nd2 h6 11. Be3 Nfd7 12. g4 c6 13. b3 Kh7 14. Qc2 Na6 15. Rb1 Bf6
16. h4 Be7 17. h5 Bg5 18. Nf3 Bxe3 19. fxe3 g5 20. O-O Kg7 21. Nh2 Nf6 22. Rf2
Bd7 23. Rbf1 Ne8 24. Kh1 f6 25. Rg1 Qb6 26. Nf1 Nc5 27. Ng3 Rf7 28. Rb1 Na6 29.
Qd2 c5 30. Nf5+ Bxf5 31. Rxf5 Qd8 32. a3 Rc8 33. Na2 Qc7 34. Rff1 Re7 35. Kh2
Rf7 36. Kg3 Re7 37. Bd3 Rf7 38. Rfc1 Re7 39. Be2 Rf7 40. Bd1 Re7 41. Qf2 Qd7 42.
b4 cxb4 43. axb4 axb4 44. Nxb4 Nc5 45. Bc2 Nc7 46. Ra1 N7a6 47. Nxa6 bxa6 48.
Rcb1 Ree8 49. Rf1 Rf8 50. Rab1 a5 51. Rb5 a4 52. Ra1 Rc7 53. Rxc5 Rxc5 54. Bxa4
Qc8 55. Bc6 f5 56. gxf5 Rxc4 57. Ra7+ Kg8 58. Bd7 Qc5 59. Be6+ Kh8 60. Rd7 Rxe4
61. f6 Rxe3+ 62. Kg2 Qd4 63. Qc2 Qe4+ 64. Qxe4 Rxe4 65. f7 Rf4 66. Rxd6 Kg7 67.
Rc6 Rf6 68. Rc7 e4 69. Rc6 e3 70. Rc3 R8xf7 71. Bxf7 Kxf7 72. Rxe3 Rd6 73. Rf3+
Ke7 74. Rf5 Rf6 75. Re5+ Kd6 76. Re8 Kxd5 77. Kg3 Re6 78. Rf8 Ke5 79. Rf7 Rf6
80. Ra7 Rd6 81. Rf7 Rd3+ 82. Kg2 g4 83. Rf8 Rh3 84. Rh8 Rxh5 85. Kg3 Kf5 86.
Rf8+ Kg5 87. Rg8+ Kf5 88. Rf8+ Kg5 89. Rg8+ Kf6 90. Rxg4 Rg5 91. Rxg5 hxg5 92.
Kg4 Kg6 93. Kg3 Kg7 94. Kg4 Kf6 95. Kg3 Kf5 96. Kf3 g4+ 97. Kg3 Kg5 98. Kg2 Kf4
99. Kf2 g3+ 100. Kg2 Kg4 101. Kg1 Kf3 102. Kf1 g2+ 103. Kg1 Kg3 1/2-1/2

[Event "Reykjavik Open 2026"]
[Site "Reykjavik ISL"]
[Date "2026.03.26"]
[Round "3.111"]
[White "Scotti, Martin"]
[Black "Decosse, Jean-Fabien"]
[Result "1-0"]
[BlackTitle "CM"]
[WhiteElo "1943"]
[BlackElo "2133"]
[WhiteFideId "551035065"]
[BlackFideId "622583"]
[EventDate "2026.03.25"]

1. d4 d6 2. Nf3 Nf6 3. c4 Nbd7 4. Nc3 e5 5. e4 c6 6. Be2 Be7 7. O-O O-O 8. h3
Qc7 9. Be3 a6 10. d5 cxd5 11. cxd5 b5 12. Rc1 Qb7 13. b4 Nb6 14. Nd2 Bd7 15. Nb3
Nc4 16. Bxc4 bxc4 17. Na5 Qxb4 18. Nc6 Bxc6 19. dxc6 Rab8 20. Nd5 Nxd5 21. exd5
Qa5 22. Rxc4 Qxa2 23. Ra4 Qb2 24. Rxa6 Rfc8 25. Ra7 Bd8 26. Qg4 Qb3 27. Qd7 Qxd5
28. Qe8# 1-0

[Event "Reykjavik Open 2026"]
[Site "Reykjavik ISL"]
[Date "2026.03.26"]
[Round "3.112"]
[White "Davidsson, Oskar Vikingur"]
[Black "Harish, Neeraj"]
[Result "1/2-1/2"]
[BlackTitle "CM"]
[WhiteElo "1933"]
[BlackElo "2121"]
[WhiteFideId "2310627"]
[BlackFideId "30958130"]
[EventDate "2026.03.25"]

1. e4 c5 2. Nf3 e6 3. c3 d5 4. exd5 Qxd5 5. d4 Nf6 6. Be2 Nc6 7. Na3 cxd4 8. Nb5
Qd8 9. Nbxd4 Nxd4 10. Nxd4 Be7 11. O-O O-O 12. Bf4 Qb6 13. Qc2 Bd7 14. Bf3 Nd5
15. Bxd5 exd5 16. Rfe1 Rfe8 17. h3 Bf6 18. Be3 Rac8 19. Qd2 Qa6 20. Nf3 Be6 21.
Bg5 Bxg5 22. Qxg5 h6 23. Qd2 Qc4 24. Nd4 a6 25. a3 Qc5 26. Re5 Bd7 27. Rae1 Rxe5
28. Rxe5 Re8 29. Rxe8+ Bxe8 30. Qe3 Bd7 31. Qe5 Qb6 32. b4 Be6 33. f4 Qd8 34.
Nxe6 fxe6 35. Qxe6+ Kh8 36. Qe3 Qf6 37. g4 Qg6 38. f5 Qc6 39. h4 Qc4 40. Qf3 Kg8
41. Kg2 d4 42. cxd4 Qxd4 43. Kh3 Qf6 44. Qd5+ Kh7 45. Qd3 Kh8 46. Qe3 Kh7 47. a4
h5 48. Qd3 hxg4+ 49. Kxg4 Kh8 50. Qe4 Qb6 51. a5 Qg1+ 52. Kf3 Qh1+ 53. Ke3 Qe1+
54. Kd3 Qb1+ 1/2-1/2

[Event "Reykjavik Open 2026"]
[Site "Reykjavik ISL"]
[Date "2026.03.26"]
[Round "3.113"]
[White "Bartczak, Korneliusz"]
[Black "Carey, Michael"]
[Result "1-0"]
[WhiteElo "2120"]
[BlackElo "1929"]
[WhiteFideId "2523558"]
[BlackFideId "30923760"]
[EventDate "2026.03.25"]

1. e4 c5 2. Nf3 Nc6 3. d4 cxd4 4. Nxd4 Nf6 5. Nc3 d6 6. f3 e5 7. Nb3 Be6 8. Nd5
Be7 9. Be3 O-O 10. Qd2 a5 11. Bb6 Qb8 12. Nxf6+ Bxf6 13. Nxa5 Nxa5 14. Bxa5 Rc8
15. Bd3 h6 16. Bb4 Bh4+ 17. g3 Bg5 18. Qf2 d5 19. O-O b5 20. Kg2 Bd8 21. Qe2
dxe4 22. Bxe4 Bc4 23. Bd3 Qb7 24. a3 Qc6 25. Bxc4 bxc4 26. Rad1 Bf6 27. Qe4 Qa4
28. Rd5 g6 29. Rfd1 Bg7 30. Rd7 Ra7 31. Rd8+ Rxd8 32. Rxd8+ Kh7 33. Qxc4 Rd7 34.
Rxd7 Qxd7 35. Qd3 Qc6 36. Qe4 Qe6 37. c4 h5 38. Bc3 Qa6 39. Qd5 Qa4 40. c5 Qc2+
41. Qd2 Qf5 42. Qe2 Qe6 43. a4 Qb3 44. a5 Qa4 45. a6 h4 46. b4 e4 47. Bxg7 exf3+
48. Qxf3 Kxg7 49. Qc3+ Kg8 50. c6 h3+ 51. Kxh3 Qxa6 52. c7 Qe6+ 53. g4 Qc8 54.
b5 Kh7 55. Qc5 Qb7 56. Qc6 Qc8 57. b6 f5 58. b7 fxg4+ 59. Kg2 Qg8 60. Qd7+ Kh6
61. c8=Q Qa2+ 62. Kg3 Qb3+ 63. Kxg4 Qb4+ 64. Kf3 Qb3+ 65. Ke4 Qb4+ 66. Qd4 Qe7+
67. Kf3 1-0

[Event "Reykjavik Open 2026"]
[Site "Reykjavik ISL"]
[Date "2026.03.26"]
[Round "3.114"]
[White "Delpech, Anthony"]
[Black "Brodtkorb, Lars Johan"]
[Result "1-0"]
[WhiteElo "1927"]
[BlackElo "2118"]
[WhiteFideId "36021245"]
[BlackFideId "1522728"]
[EventDate "2026.03.25"]

1. e4 Nc6 2. Nc3 Nf6 3. Nf3 d6 4. d4 g6 5. h3 Bg7 6. Be3 a6 7. a4 O-O 8. Be2 e5
9. dxe5 dxe5 10. O-O Be6 11. Ng5 Bd7 12. Bc5 Ne7 13. Nf3 Qe8 14. Nxe5 Nxe4 15.
Nxe4 Bxe5 16. Bd4 f6 17. Bc4+ Kg7 18. Bxe5 fxe5 19. Nc5 Bc8 20. Qe1 Nf5 21. Qc3
Nd6 22. Ba2 Kh6 23. Rae1 e4 24. Nxe4 Nxe4 25. Qe3+ g5 26. Qxe4 Qxe4 27. Rxe4 Bf5
28. Re7 Rac8 29. Rfe1 Rf6 30. Be6 Bxe6 31. R1xe6 Rxe6 32. Rxe6+ Kg7 33. Re7+ Kg6
34. g4 h5 35. Kg2 hxg4 36. hxg4 Kf6 37. Rh7 Ke6 38. Kg3 Kf6 39. f4 gxf4+ 40.
Kxf4 Kg6 41. Rd7 Rf8+ 42. Ke5 Re8+ 43. Kd5 c6+ 44. Kd4 b5 45. a5 c5+ 46. Kxc5
Rc8+ 47. Kb4 Rxc2 48. Rd6+ Kg5 49. b3 1-0

[Event "Reykjavik Open 2026"]
[Site "Reykjavik ISL"]
[Date "2026.03.26"]
[Round "3.115"]
[White "Baert, Andy"]
[Black "Heidarsson, Mikael Bjarki"]
[Result "1/2-1/2"]
[WhiteTitle "FM"]
[WhiteElo "2117"]
[BlackElo "1925"]
[WhiteFideId "200107"]
[BlackFideId "2317532"]
[EventDate "2026.03.25"]

1. c4 Nf6 2. Nc3 d5 3. e3 c6 4. Nf3 Qc7 5. Qb3 e6 6. d4 Nbd7 7. Bd2 Bd6 8. Rc1
a6 9. Bd3 dxc4 10. Bxc4 O-O 11. a4 b5 12. Bd3 Bb7 13. axb5 cxb5 14. Ne4 Nxe4 15.
Rxc7 Nxd2 16. Nxd2 Bxc7 17. O-O Nf6 18. f3 Nd5 19. Kf2 b4 20. Ne4 a5 21. Bb5 Nb6
22. Nc5 Bd5 23. Qc2 Ra7 24. Rc1 Rc8 25. Qd2 Rb8 26. Na6 Rbb7 27. e4 Bc4 28. Bxc4
Nxc4 29. Rxc4 Rxa6 30. Qc2 Bd8 31. Rc8 Rd6 32. Qc5 Rbd7 33. Ke3 g6 34. b3 Kg7
35. Rc6 Rxc6 36. Qxc6 Rc7 37. Qa4 Rc2 38. d5 exd5 39. exd5 Rxg2 40. Qa1+ Bf6 41.
Qxa5 Bc3 42. d6 Rd2 43. Qc7 Rd1 44. d7 Bf6 45. Ke2 Rd4 46. Ke3 Rd1 47. Qb7 Bc3
48. h4 h5 49. Ke2 Re1+ 50. Kf2 Rd1 51. Ke2 Rd2+ 52. Ke3 Rd1 53. Qc7 Bf6 54. Ke2
Rd5 55. Qc6 Rd4 56. Ke3 Rd1 57. Ke2 Rd4 58. Ke3 Rd1 59. Ke2 1/2-1/2

[Event "Reykjavik Open 2026"]
[Site "Reykjavik ISL"]
[Date "2026.03.26"]
[Round "3.116"]
[White "Karason, Askell O"]
[Black "Catapano, Alberto Pasquale"]
[Result "1/2-1/2"]
[WhiteTitle "IM"]
[WhiteElo "2109"]
[BlackElo "1922"]
[WhiteFideId "2300567"]
[BlackFideId "2856161"]
[EventDate "2026.03.25"]

1. d4 d5 2. c4 e6 3. Nc3 Nf6 4. cxd5 exd5 5. Bg5 Be7 6. e3 O-O 7. Bd3 h6 8. Bxf6
Bxf6 9. Qb3 c6 10. Nf3 Nd7 11. O-O Re8 12. Rfc1 Nb6 13. a4 a5 14. Ne2 Be7 15.
Ne5 Bb4 16. Qc2 Qf6 17. Ng3 Re7 18. f4 Rc7 19. Qf2 Qh4 20. Nf3 Qe7 21. Ne5 Qh4
22. Nf3 Qe7 23. Ne5 Qh4 1/2-1/2

[Event "Reykjavik Open 2026"]
[Site "Reykjavik ISL"]
[Date "2026.03.26"]
[Round "3.117"]
[White "Heyl, Thomas"]
[Black "Skarphedinsson, Ingvar Wu"]
[Result "1/2-1/2"]
[WhiteElo "1926"]
[BlackElo "2099"]
[WhiteFideId "4623371"]
[BlackFideId "2316943"]
[EventDate "2026.03.25"]

1. c4 e5 2. Nc3 f5 3. d3 Nf6 4. g3 Bc5 5. Nf3 Nc6 6. a3 a5 7. Bh3 d6 8. Bg5 h6
9. Bxf6 Qxf6 10. e3 O-O 11. O-O Ba7 12. Nd5 Qf7 13. b4 f4 14. Bxc8 Raxc8 15.
gxf4 exf4 16. b5 Ne7 17. b6 Nxd5 18. bxa7 fxe3 19. cxd5 Qxf3 20. Qxf3 Rxf3 21.
Rab1 b6 22. Rfc1 exf2+ 23. Kf1 Rff8 24. Rc6 Ra8 25. Rxc7 Rf7 26. Rxf7 Kxf7 27.
Rxb6 Rxa7 28. Rxd6 Rb7 29. Ra6 Rb5 30. d6 Rd5 31. Kxf2 Rxd3 32. Rxa5 1/2-1/2

[Event "Reykjavik Open 2026"]
[Site "Reykjavik ISL"]
[Date "2026.03.26"]
[Round "3.118"]
[White "Broihier, Ian"]
[Black "Jakubek, Peter"]
[Result "0-1"]
[WhiteElo "1922"]
[BlackElo "2098"]
[WhiteFideId "39902773"]
[BlackFideId "14901048"]
[EventDate "2026.03.25"]

1. e4 c6 2. d4 d5 3. exd5 cxd5 4. Nf3 Nc6 5. Bb5 Bd7 6. c4 Nf6 7. Nc3 e6 8. O-O
Be7 9. Bg5 O-O 10. h3 dxc4 11. Bxc4 Rc8 12. Qe2 h6 13. Bxf6 Bxf6 14. Rfd1 Ne7
15. Ne4 Nd5 16. Bxd5 exd5 17. Nxf6+ Qxf6 18. Ne5 Be6 19. Rac1 Rxc1 20. Rxc1 Bxh3
21. Rc7 Be6 22. Qc2 Rb8 23. Qc5 Qd8 24. Nd3 b6 25. Qc3 Rc8 26. Rxc8 Qxc8 27. Kf1
Qa6 28. Qa3 Bc8 29. Ke1 Qc4 30. Qc3 Ba6 31. Qxc4 Bxc4 32. Nc1 Kf8 33. Kd2 Ke7
34. b3 Bf1 35. g3 Ke6 36. a4 h5 37. Na2 g5 38. Ke3 a5 39. b4 axb4 40. Nxb4 Bc4
41. Nc6 Kd6 42. Nd8 f6 43. f4 Kd7 44. Nf7 Ke7 45. Nh6 Bb3 46. Nf5+ Kd7 47. fxg5
fxg5 48. Ng7 Bd1 49. Nf5 Bg4 50. Nh6 Be6 51. Kd3 Ke7 52. Kc3 h4 0-1

[Event "Reykjavik Open 2026"]
[Site "Reykjavik ISL"]
[Date "2026.03.26"]
[Round "3.119"]
[White "Bartlett, Aiden Emerson"]
[Black "Erdogan, Ata Artun"]
[Result "1-0"]
[WhiteElo "1919"]
[BlackElo "1731"]
[WhiteFideId "39922405"]
[BlackFideId "39932230"]
[EventDate "2026.03.25"]

1. Nf3 d5 2. e3 Nf6 3. b3 c5 4. Bb2 Bg4 5. Be2 Nc6 6. d4 Bxf3 7. Bxf3 cxd4 8.
exd4 e6 9. O-O Bd6 10. Re1 h5 11. Nd2 g5 12. c4 g4 13. Bxd5 Qc7 14. Bxc6+ bxc6
15. d5 Bxh2+ 16. Kh1 Qf4 17. Be5 Qxf2 18. Rf1 Qh4 19. Bxf6 Bg1+ 20. Bxh4 1-0

[Event "Reykjavik Open 2026"]
[Site "Reykjavik ISL"]
[Date "2026.03.26"]
[Round "3.120"]
[White "Frey, Charles Frederick"]
[Black "T'sas, Jan"]
[Result "0-1"]
[WhiteElo "1723"]
[BlackElo "1906"]
[WhiteFideId "2027755"]
[BlackFideId "204900"]
[EventDate "2026.03.25"]

1. e4 c5 2. Nf3 a6 3. d4 cxd4 4. Nxd4 e5 5. Nb3 Nc6 6. g3 Nf6 7. Bg2 Bb4+ 8. c3
Be7 9. O-O d6 10. c4 h6 11. Qe2 O-O 12. Nc3 Be6 13. Nd5 Rc8 14. h3 Bxd5 15. exd5
Na5 16. Nxa5 Qxa5 17. Bd2 Qc7 18. Rfc1 Nd7 19. Be3 Qd8 20. Kh2 Re8 21. a4 Bg5
22. b4 Bxe3 23. Qxe3 a5 24. bxa5 Nc5 25. Qc3 Ra8 26. Rcb1 Qxa5 27. Qxa5 Rxa5 28.
Rb6 Ra6 29. Rb5 Kf8 30. h4 Ke7 31. Bh3 Rea8 32. Rb4 Rxa4 33. Raxa4 Rxa4 34. Rb6
Ra6 35. Rb5 Kd8 36. Bf5 Kc7 37. Rb4 Ra4 38. Rxa4 Nxa4 39. Bc2 Nb2 0-1

[Event "Reykjavik Open 2026"]
[Site "Reykjavik ISL"]
[Date "2026.03.26"]
[Round "3.121"]
[White "Andersson, Mitchell"]
[Black "Von Kistowski, Fynn"]
[Result "1-0"]
[WhiteElo "1905"]
[BlackElo "1727"]
[WhiteFideId "1765817"]
[BlackFideId "1353888"]
[EventDate "2026.03.25"]

1. e4 c6 2. d4 d5 3. e5 Bf5 4. h4 h5 5. Bg5 Qa5+ 6. c3 e6 7. b4 Qc7 8. Nd2 a5 9.
a3 b6 10. Ngf3 Nd7 11. Be2 Bg6 12. O-O Ne7 13. Re1 Nf5 14. c4 axb4 15. axb4 Qb7
16. cxd5 Bxb4 17. dxe6 fxe6 18. Qb3 Rxa1 19. Rxa1 Bxd2 20. Qxe6+ Kf8 21. Qxg6
Bxg5 22. Qxf5+ 1-0

[Event "Reykjavik Open 2026"]
[Site "Reykjavik ISL"]
[Date "2026.03.26"]
[Round "3.122"]
[White "Karlinder, Lovis Neo"]
[Black "Banta, Robert Lance"]
[Result "1/2-1/2"]
[WhiteElo "1903"]
[BlackElo "1724"]
[WhiteFideId "34664785"]
[BlackFideId "39908682"]
[EventDate "2026.03.25"]

1. e4 c5 2. Nf3 e6 3. c3 d5 4. exd5 exd5 5. d4 cxd4 6. Nxd4 a6 7. Nd2 Be7 8. Bd3
Nf6 9. h3 O-O 10. O-O Nc6 11. N2f3 h6 12. Re1 Re8 13. Bc2 Bd7 14. Qd3 Bf8 15.
Rxe8 Qxe8 16. Bf4 Rc8 17. Nxc6 Bxc6 18. Re1 Qd8 19. Be5 g6 20. Bd4 Bg7 21. Ne5
Be8 22. f4 b5 23. f5 Ne4 24. fxg6 fxg6 25. Qe2 Bxe5 26. Bxe5 Bc6 27. Qg4 Kh7 28.
h4 h5 29. Qh3 Bd7 30. Qf3 Bf5 31. Qf4 Qe7 32. a3 Rf8 1/2-1/2

[Event "Reykjavik Open 2026"]
[Site "Reykjavik ISL"]
[Date "2026.03.26"]
[Round "3.123"]
[White "Matsunaga, Toma"]
[Black "Rossiter, Philip E"]
[Result "1/2-1/2"]
[WhiteElo "1900"]
[BlackElo "1722"]
[WhiteFideId "7005512"]
[BlackFideId "4301455"]
[EventDate "2026.03.25"]

1. e4 e6 2. d4 d5 3. e5 c5 4. c3 Nc6 5. Nf3 Qb6 6. Bd3 Bd7 7. dxc5 Bxc5 8. O-O
Rc8 9. b4 Bf8 10. b5 Na5 11. a4 Bc5 12. Nbd2 Ne7 13. Bb2 Ng6 14. g3 O-O 15. Qc2
Rfd8 16. h4 Be7 17. Kg2 Nc4 18. Bxc4 dxc4 19. Qe4 a6 20. h5 Nf8 21. Nxc4 Qc7 22.
Ba3 Bxa3 23. Nxa3 axb5 24. Nxb5 Bxb5 25. axb5 Qxc3 26. Rac1 Qa5 27. Rxc8 Rxc8
28. Qxb7 Qd8 29. Rd1 Qe8 30. b6 Rb8 31. Qc7 Rc8 32. Qd6 Rc6 33. Qb4 Rc8 34. h6
Qc6 35. Rd6 Qb7 36. Qd4 gxh6 37. Rd8 Kg7 38. Qg4+ Ng6 39. Rxc8 Qxc8 40. Qa4 Qb7
41. Qa7 Qe4 42. Qc7 Nh4+ 43. gxh4 Qg4+ 44. Kf1 Qxf3 45. Qd7 Qh1+ 46. Ke2 Qe4+
47. Kf1 1/2-1/2